Historia de la filosofía del renacimiento a la posmodernidad
Guardat en:
| Autor principal: | |
|---|---|
| Format: | Llibre |
| Idioma: | espanyol |
| Publicat: |
Madrid
Cátedra
1999
|
| Col·lecció: | Colección Teorema. Serie Mayor
|
| Matèries: | |
| Etiquetes: |
Afegir etiqueta
Sense etiquetes, Sigues el primer a etiquetar aquest registre!
|
MARC
| LEADER | 00000nam a2200000 a 4500 | ||
|---|---|---|---|
| 001 | UCO8756 | ||
| 003 | CL-VaPUC | ||
| 008 | 010105e19990000SP |||||||||||||||||spa|d | ||
| 082 | 0 | 4 | |a 109 |b HOT |2 21 |
| 100 | |a Hottois, Gilbert |e author |9 470878 | ||
| 245 | 1 | 0 | |a Historia de la filosofía del renacimiento a la posmodernidad |
| 300 | |a 569 p | ||
| 942 | |c BK | ||
| 945 | |d 20010105 00:00:00 |a cmena | ||
| 260 | |a Madrid |b Cátedra |c 1999 | ||
| 650 | 0 | |a Historia de la filosofía |9 256920 | |
| 650 | 0 | |a Escuelas filosóficas |9 266232 | |
| 650 | 0 | |a Filosofía francesa |9 255698 | |
| 650 | 0 | |a Filosofía crítica |9 393212 | |
| 650 | 0 | |a Idealismo |9 265685 | |
| 650 | 0 | |a Positivismo |9 269460 | |
| 650 | 0 | |a Hermenéutica |9 269473 | |
| 650 | 0 | |a Pragmatismo |9 316729 | |
| 650 | 0 | |a Psicoanálisis |9 265702 | |
| 650 | 7 | |a NEOPOSITIVISMO |2 CL-VaPUC |9 346036 | |
| 583 | |a last modification |c 20010105 00:00:00 |k Rodrigo Vera | ||
| 490 | 0 | |a Colección Teorema. Serie Mayor | |
| 999 | |c 293224 |d 293222 | ||